书目信息 |
| 题名: |
传感器阵列信源定位
|
|
| 作者: | 张小飞 , 李建峰 , 徐大专 著 | |
| 分册: | ||
| 出版信息: | 北京 电子工业出版社 2018 |
|
| 页数: | 328页 | |
| 开本: | 25cm | |
| 丛书名: | 通信高精度定位理论与技术丛书 | |
| 单 册: | ||
| 中图分类: | TN971 | |
| 科图分类: | ||
| 主题词: | 无源定位--Wu Yuan Ding Wei--研究 | |
| 电子资源: | ||
| ISBN: | 978-7-121-35540-0 | |
| 000 | 01759nam 2200325 450 | |
| 001 | 012001005335 | |
| 005 | 20140101164255.0 | |
| 010 | @a978-7-121-35540-0@dCNY98.00 | |
| 099 | @aCAL 012019044457 | |
| 100 | @a20190215d2018 ekmy0chiy50 ea | |
| 101 | 0 | @achi |
| 102 | @aCN@b110000 | |
| 105 | @aak a 000yy | |
| 106 | @ar | |
| 200 | 1 | @a传感器阵列信源定位@AChuan Gan Qi Zhen Lie Xin Yuan Ding Wei@f张小飞, 李建峰, 徐大专著 |
| 210 | @a北京@c电子工业出版社@d2018 | |
| 215 | @a328页@c图@d25cm | |
| 225 | 2 | @a通信高精度定位理论与技术丛书@ATong Xin Gao Jing Du Ding Wei Li Lun Yu Ji Shu Cong Shu |
| 300 | @a“十三五”国家重点图书出版规划项目 | |
| 320 | @a有书目 | |
| 330 | @a传感器阵列信源定位是定位领域的一个重要分支, 它采用传感器阵列来接收空间信号。与传统的单个定向传感器相比, 传感器阵列信源定位具有高信号增益、极强的干扰抑制能力, 以及更高的空间分辨能力等优点, 具有重要的军事、民事应用价值和前景。具体来说, 传感器阵列信源定位已在雷达、声呐、通信、地震勘探、射电天文, 以及医学诊断等多种国民经济、科学研究和国防军事领域得到应用。本书分为8章, 主要内容包括传感器阵列基础、一维空间谱估计、二维空间谱估计、传感器阵列中非圆信号的空间谱估计、传感器阵列DOA跟踪、传感器阵列分布式信源定位、传感器阵列近场信源定位。本书的读者对象为通信与信息系统、信号和信息处理、微波和电磁场、水声等专业的高年级本科生和研究生, 以及相关领域的研究人员。 | |
| 333 | @a通信与信息系统、信号与信息处理、雷达信号处理、水声等专业的研究人员、学者以及工程技术人员 | |
| 410 | 0 | @12001 @a通信高精度定位理论与技术丛书 |
| 606 | 0 | @a无源定位@AWu Yuan Ding Wei@x研究 |
| 690 | @aTN971@v5 | |
| 701 | 0 | @a张小飞@AZhang Xiao Fei@4著 |
| 701 | 0 | @a李建峰@ALi Jian Feng@4著 |
| 701 | 0 | @a徐大专@AXu Da Zhuan@4著 |
| 801 | 0 | @aCN@b江苏凤凰@c20191020 |
| 905 | @b1207973-5@dTN971@e37@f3 | |
| 传感器阵列信源定位/张小飞, 李建峰, 徐大专著.-北京:电子工业出版社,2018 |
| 328页:图;25cm.-(通信高精度定位理论与技术丛书) |
| “十三五”国家重点图书出版规划项目.-使用对象:通信与信息系统、信号与信息处理、雷达信号处理、水声等专业的研究人员、学者以及工程技术人员 |
| ISBN 978-7-121-35540-0:CNY98.00 |
| 传感器阵列信源定位是定位领域的一个重要分支, 它采用传感器阵列来接收空间信号。与传统的单个定向传感器相比, 传感器阵列信源定位具有高信号增益、极强的干扰抑制能力, 以及更高的空间分辨能力等优点, 具有重要的军事、民事应用价值和前景。具体来说, 传感器阵列信源定位已在雷达、声呐、通信、地震勘探、射电天文, 以及医学诊断等多种国民经济、科学研究和国防军事领域得到应用。本书分为8章, 主要内容包括传感器阵列基础、一维空间谱估计、二维空间谱估计、传感器阵列中非圆信号的空间谱估计、传感器阵列DOA跟踪、传感器阵列分布式信源定位、传感器阵列近场信源定位。本书的读者对象为通信与信息系统、信号和信息处理、微波和电磁场、水声等专业的高年级本科生和研究生, 以及相关领域的研究人员。 |
| ● |
| 相关链接 |
|
|
|
|
正题名:传感器阵列信源定位
索取号:TN971/37
 
预约/预借
| 序号 | 登录号 | 条形码 | 馆藏地/架位号 | 状态 | 备注 |
| 1 | 1207973 | 212079739 | 第二样本阅览室/ [索取号:TN971/37] | 在馆 | |
| 2 | 1207974 | 212079748 | 第三借阅区/ [索取号:TN971/37] | 在馆 | |
| 3 | 1207975 | 212079757 | 第三借阅区/ [索取号:TN971/37] | 在馆 |